عرض عادي
عرض مارك
- Pandey, Adesh K.
مدخل إسم شخص
001 - رقم الضبط
- حقل الضبط: 37473
003 - معرف رقم الضبط
- حقل الضبط: OSt
005 - تاريخ ووقت أخر عملية
- حقل الضبط: 20131005141705.0
008 - عناصر بيانات ثابتة الطول
- حقل تحكم ثابت الطول: 131005|||a|||||| | ||| d
040 ## - مصدر الفهرسة
- هيئة الفهرسة الأصلية: OSt
- وكالة الكتابة: OSt
100 ## - مدخل -- أسم شخص
- إسم شخص: Pandey, Adesh K.
670 ## - بيانات المصدر موجوده
- الاستشهاد بالمصدر: Work cat.: (OSt)31079: Pandey, Adesh K., An introduction to automata theory & formal languages /, 2007.
